[Event "Battle of the Sexes 2022"]
[Site "Gibraltar ENG"]
[Date "2022.01.28"]
[Round "5.5"]
[White "Sukandar, Irine Kharisma"]
[Black "Krysa, Leandro"]
[Result "1/2-1/2"]
[WhiteTitle "IM"]
[BlackTitle "GM"]
[WhiteElo "2407"]
[BlackElo "2531"]
[WhiteTeam "PIA"]
[BlackTeam "SABINO"]
[WhiteFideId "7101937"]
[BlackFideId "116807"]
[EventDate "2022.01.24"]

1. e4 c6 2. d4 d5 3. exd5 cxd5 4. Bd3 Nc6 5. c3 Qc7 6. Ne2 Bg4 7. f3 Bd7 8. Bf4
e5 9. dxe5 Nxe5 10. O-O Bd6 11. Nd4 Nf6 12. Bf5 O-O 13. Bxd7 Qxd7 14. Nd2 h6 15.
Qc2 Rfe8 16. N2b3 Nh5 17. Bxe5 Rxe5 18. Rae1 Rae8 19. Rxe5 Rxe5 20. Nc1 Rg5 21.
Nd3 Qh3 22. g4 Nf4 23. Nxf4 Bxf4 24. Re1 g6 25. Re8+ Kg7 26. Qg2 Qh4 27. Qf2
Qxf2+ 28. Kxf2 Re5 29. Rd8 Be3+ 30. Kg3 Bxd4 31. cxd4 Re2 32. Rxd5 Rxb2 33. a4
Kf6 34. h4 Ke6 35. Ra5 a6 36. Kf4 Kd6 37. h5 Re2 38. g5 hxg5+ 39. Rxg5 gxh5 40.
Rxh5 b6 41. Rh6+ Re6 42. Rh5 Re2 43. Rh6+ Re6 44. Rh5 1/2-1/2

[Event "Battle of the Sexes 2022"]
[Site "Gibraltar ENG"]
[Date "2022.01.28"]
[Round "5.6"]
[White "Abdumalik, Zhansaya"]
[Black "Haria, Ravi"]
[Result "1/2-1/2"]
[WhiteTitle "GM"]
[BlackTitle "IM"]
[WhiteElo "2491"]
[BlackElo "2490"]
[WhiteTeam "PIA"]
[BlackTeam "SABINO"]
[WhiteFideId "13703544"]
[BlackFideId "415820"]
[EventDate "2022.01.24"]

1. e4 e5 2. Nf3 Nc6 3. d4 exd4 4. Nxd4 Nf6 5. Nxc6 bxc6 6. e5 Qe7 7. Qe2 Nd5 8.
c4 Nb6 9. Nd2 a5 10. Qe4 Qe6 11. Bd3 Ba6 12. O-O f5 13. Qe2 g6 14. b3 Bg7 15. f4
O-O 16. Nf3 c5 17. a4 Bb7 18. Ba3 d6 19. Rae1 Rfe8 20. Bb2 Nd7 21. Bc3 dxe5 22.
Nxe5 Nxe5 23. fxe5 Qb6 24. Bc2 Rad8 25. Qf2 Re7 26. Re2 Rde8 27. Rfe1 Be4 28.
Bxe4 fxe4 29. Rxe4 Qxb3 30. Bxa5 Rxe5 31. Rxe5 Rxe5 32. Bxc7 1/2-1/2

[Event "Battle of the Sexes 2022"]
[Site "Gibraltar ENG"]
[Date "2022.01.28"]
[Round "5.7"]
[White "Efroimski, Marsel"]
[Black "Bellahcene, Bilel"]
[Result "1/2-1/2"]
[WhiteTitle "IM"]
[BlackTitle "GM"]
[WhiteElo "2437"]
[BlackElo "2508"]
[WhiteTeam "PIA"]
[BlackTeam "SABINO"]
[WhiteFideId "2810964"]
[BlackFideId "696358"]
[EventDate "2022.01.24"]

1. e4 c5 2. Nf3 d6 3. Bb5+ Nd7 4. d4 cxd4 5. Qxd4 e5 6. Qd1 Nf6 7. Nc3 Be7 8. a4
O-O 9. O-O Nc5 10. Qe2 a6 11. Bc4 Bd7 12. Bg5 Ne6 13. Bxf6 Bxf6 14. Nd5 Nf4 1/2-1/2

[Event "Battle of the Sexes 2022"]
[Site "Gibraltar ENG"]
[Date "2022.01.28"]
[Round "5.8"]
[White "Muzychuk, Mariya"]
[Black "Rosen, Eric"]
[Result "1-0"]
[WhiteTitle "GM"]
[BlackTitle "IM"]
[WhiteElo "2539"]
[BlackElo "2356"]
[WhiteTeam "PIA"]
[BlackTeam "SABINO"]
[WhiteFideId "14114550"]
[BlackFideId "2032562"]
[EventDate "2022.01.24"]

1. e4 c5 2. Nf3 d6 3. d4 Nf6 4. Bb5+ Bd7 5. Bxd7+ Qxd7 6. dxc5 Nxe4 7. cxd6 Nxd6
8. O-O Nc6 9. Nc3 g6 10. Bf4 Bg7 11. Qe2 O-O 12. Rad1 Qf5 13. Nd5 e5 14. Nxe5
Bxe5 15. Qxe5 Qxe5 16. Bxe5 Nxe5 17. Ne7+ Kg7 18. Rxd6 Rfd8 19. Rdd1 Nc4 20. b3
Nb6 21. c4 Kf6 22. Nd5+ Nxd5 23. cxd5 Rd7 24. Rd4 Rc8 25. Rfd1 Rc2 26. a4 Ke5
27. g3 Kd6 28. R1d3 Re7 29. g4 Re5 30. Rf4 f5 31. gxf5 Rxf5 32. Rxf5 gxf5 33.
Kg2 Re2 34. Rh3 Rb2 35. Rxh7 Rxb3 36. Rf7 Rb4 37. a5 Rb5 38. h4 Rxd5 39. h5 f4
40. h6 Rxa5 41. Rxb7 Rh5 42. Rxa7 Rh4 43. Ra3 f3+ 44. Kg3 Rh1 45. Ra4 Rg1+ 46.
Kxf3 Rh1 47. Kg3 Rg1+ 48. Kh2 Rg8 49. h7 Rh8 50. Rh4 Ke6 51. Kg3 Kf5 52. Rh5+
Kg6 53. Kg4 Kf6 54. Rh6+ Kg7 55. Kg5 Kf7 56. Rh4 Kg7 57. Rh3 Kf7 58. Kh6 Ra8 59.
Rf3+ Ke6 60. Kg7 Ra7+ 61. Kg8 1-0

[Event "Battle of the Sexes 2022"]
[Site "Gibraltar ENG"]
[Date "2022.01.28"]
[Round "5.9"]
[White "Mammadzada, Gunay"]
[Black "Gallagher, Joseph G."]
[Result "0-1"]
[WhiteTitle "IM"]
[BlackTitle "GM"]
[WhiteElo "2470"]
[BlackElo "2447"]
[WhiteTeam "PIA"]
[BlackTeam "SABINO"]
[WhiteFideId "13403729"]
[BlackFideId "1303422"]
[EventDate "2022.01.24"]

1. e4 c5 2. Nf3 d6 3. d4 cxd4 4. Nxd4 Nf6 5. Nc3 a6 6. Be3 Ng4 7. Bg5 h6 8. Bh4
g5 9. Bg3 Bg7 10. h3 Ne5 11. Nf5 Bxf5 12. exf5 Nbc6 13. Nd5 e6 14. fxe6 fxe6 15.
Ne3 Qa5+ 16. c3 Nf3+ 17. gxf3 Bxc3+ 18. bxc3 Qxc3+ 19. Qd2 Qxa1+ 20. Nd1 Qd4 21.
Bd3 Rf8 22. O-O Rxf3 23. Ne3 Ke7 24. Kg2 Raf8 25. Rb1 b5 26. Rc1 Nb4 27. Rc3 Nd5
28. Nxd5+ Qxd5 29. Kg1 Qd4 30. Kg2 Qd5 31. Kg1 Rxg3+ 32. fxg3 Rf3 33. Kh2 Qe5
34. Qg2 Qe3 35. Be2 Qxc3 36. Qxf3 Qxf3 37. Bxf3 Kf6 38. Kg2 Ke5 39. Bg4 b4 40.
Kf2 a5 41. Ke3 d5 42. Kd3 Kd6 43. Kd4 e5+ 44. Kd3 e4+ 45. Kd4 a4 46. Bd1 b3 47.
a3 Kc6 48. Kc3 Kc5 49. Bh5 d4+ 50. Kb2 Kc4 51. Bf7+ Kd3 52. Bg6 Ke3 53. Bf5 Kf3
54. Kc1 b2+ 0-1

[Event "Battle of the Sexes 2022"]
[Site "Gibraltar ENG"]
[Date "2022.01.28"]
[Round "5.10"]
[White "Sebag, Marie"]
[Black "Csonka, Balazs"]
[Result "1/2-1/2"]
[WhiteTitle "GM"]
[BlackTitle "IM"]
[WhiteElo "2460"]
[BlackElo "2474"]
[WhiteTeam "PIA"]
[BlackTeam "SABINO"]
[WhiteFideId "617822"]
[BlackFideId "742910"]
[EventDate "2022.01.24"]

1. e4 e5 2. Nf3 Nc6 3. Bb5 Nf6 4. d3 Bc5 5. Bxc6 dxc6 6. Nbd2 Nd7 7. Nc4 f6 8.
O-O Nf8 9. Be3 Bxe3 10. Nxe3 Ne6 11. Qe1 O-O 12. Nd2 c5 13. Kh1 b6 14. a4 a5 15.
Ndc4 1/2-1/2

[Event "Battle of the Sexes 2022"]
[Site "Gibraltar ENG"]
[Date "2022.01.30"]
[Round "6.2"]
[White "Brunello, Sabino"]
[Black "Muzychuk, Mariya"]
[Result "1/2-1/2"]
[WhiteTitle "GM"]
[BlackTitle "GM"]
[WhiteElo "2503"]
[BlackElo "2539"]
[WhiteTeam "SABINO"]
[BlackTeam "PIA"]
[WhiteFideId "813613"]
[BlackFideId "14114550"]
[EventDate "2022.01.24"]

1. d4 Nf6 2. Nf3 d5 3. c4 e6 4. Nc3 c6 5. e3 Nbd7 6. Qc2 Bd6 7. Bd3 O-O 8. O-O
e5 9. cxd5 cxd5 10. e4 exd4 11. Nxd5 Nxd5 12. exd5 h6 13. Nxd4 Qh4 14. Nf3 Qh5
15. Bh7+ Kh8 16. Qf5 Qxf5 17. Bxf5 1/2-1/2

[Event "Battle of the Sexes 2022"]
[Site "Gibraltar ENG"]
[Date "2022.01.30"]
[Round "6.3"]
[White "Bwalya, Gillan"]
[Black "Girya, Olga"]
[Result "0-1"]
[WhiteTitle "IM"]
[BlackTitle "GM"]
[WhiteElo "2410"]
[BlackElo "2405"]
[WhiteTeam "SABINO"]
[BlackTeam "PIA"]
[WhiteFideId "8700257"]
[BlackFideId "4195752"]
[EventDate "2022.01.24"]

1. d4 Nf6 2. c4 e6 3. Nc3 Bb4 4. Qc2 c5 5. dxc5 O-O 6. Nf3 Na6 7. g3 Nxc5 8. Bg2
Nfe4 9. O-O Bxc3 10. bxc3 b6 11. Ng5 d5 12. Nxe4 dxe4 13. Bxe4 Nxe4 14. Qxe4 Ba6
15. Ba3 Re8 16. Rfd1 Qc7 17. Bd6 Qxc4 18. Qxc4 Bxc4 19. Rd2 Rac8 20. f3 e5 21.
a4 e4 22. fxe4 Rxe4 23. a5 h6 24. axb6 axb6 25. Rb1 Rc6 26. Bb4 Rxe2 27. Rxe2
Bxe2 28. Re1 Bc4 29. Rd1 Re6 30. Rd2 b5 31. Bc5 Re1+ 32. Kf2 Rc1 33. Bb4 Kh7 34.
Ba5 Kg6 35. Bb4 Kf5 36. Kg2 Ke4 37. g4 Ke3 38. Rd7 Kf4 39. Rd4+ Ke5 40. Rd2 Bd5+
41. Kf2 Rh1 42. Ke3 Rg1 43. c4 Bxc4 44. Bc3+ Ke6 45. Bxg7 h5 46. Bf8 Rxg4 47.
Rd6+ Kf5 48. Rh6 Rh4 49. Bd6 Re4+ 50. Kf3 Re6 51. Rxe6 Kxe6 52. Bf8 Kd5 53. Ke3
Bf1 54. Kd2 Kc4 55. Be7 f5 56. Bd6 b4 57. Be5 b3 58. Ke3 Bg2 59. Kd2 Bd5 60. Ke3
f4+ 61. Kd2 f3 62. Ke3 f2 0-1

[Event "Battle of the Sexes 2022"]
[Site "Gibraltar ENG"]
[Date "2022.01.30"]
[Round "6.4"]
[White "Aziz, Husain"]
[Black "Batsiashvili, Nino"]
[Result "1-0"]
[WhiteTitle "IM"]
[BlackTitle "GM"]
[WhiteElo "2379"]
[BlackElo "2491"]
[WhiteTeam "SABINO"]
[BlackTeam "PIA"]
[WhiteFideId "12100293"]
[BlackFideId "13602993"]
[EventDate "2022.01.24"]

1. e4 e5 2. Nf3 Nc6 3. Nc3 Nf6 4. d4 exd4 5. Nxd4 Bb4 6. Nxc6 bxc6 7. Bd3 O-O 8.
O-O d5 9. Bd2 Rb8 10. Re1 Re8 11. a3 Bd6 12. b4 Ng4 13. exd5 Bxh2+ 14. Kf1 Be5
15. f3 Qh4 16. fxg4 Bxg4 17. Rxe5 Rxe5 18. Qc1 Rbe8 19. dxc6 Qf6+ 20. Kg1 Qxc6
21. Qf1 R8e6 22. Qf2 h5 23. Qxa7 Bf5 24. Rf1 Rg6 25. Rf2 Bxd3 26. cxd3 h4 27.
Qd4 h3 28. Qd8+ Re8 29. Qd5 Qxd5 30. Nxd5 hxg2 31. a4 Rg3 32. b5 Rxd3 33. Nxc7
Red8 34. b6 Rxd2 35. Rxd2 Rxd2 36. b7 Rd8 37. a5 Rb8 38. a6 Kh7 39. Nd5 f5 40.
Kxg2 1-0

[Event "Battle of the Sexes 2022"]
[Site "Gibraltar ENG"]
[Date "2022.01.30"]
[Round "6.5"]
[White "Csonka, Balazs"]
[Black "Cramling, Pia"]
[Result "1-0"]
[WhiteTitle "IM"]
[BlackTitle "GM"]
[WhiteElo "2474"]
[BlackElo "2452"]
[WhiteTeam "SABINO"]
[BlackTeam "PIA"]
[WhiteFideId "742910"]
[BlackFideId "1700030"]
[EventDate "2022.01.24"]

1. e4 c5 2. c3 Nf6 3. e5 Nd5 4. Nf3 Nc6 5. Bc4 Nb6 6. Bb3 c4 7. Bc2 d6 8. exd6
e5 9. O-O Qxd6 10. b3 Be7 11. Re1 cxb3 12. axb3 Qc7 13. d4 exd4 14. Nxd4 O-O 15.
Nxc6 bxc6 16. Qh5 g6 17. Qf3 Nd5 18. Bh6 Rd8 19. c4 Nb4 20. Qc3 f6 21. Be4 a5
22. Nd2 Bb7 23. Nf3 Bf8 24. Bxf8 Rxf8 25. Nd4 Rae8 26. Bf3 Qd7 27. Red1 Qc7 28.
Nc2 Nxc2 29. Qxc2 Re5 30. Qc3 Rfe8 31. h4 Ba6 32. Ra2 Qb6 33. Rda1 Bb7 34. Rxa5
Rxa5 35. Rxa5 Bc8 36. b4 Kg7 37. h5 Be6 38. g3 Rd8 39. c5 Qc7 40. Qa1 1-0

[Event "Battle of the Sexes 2022"]
[Site "Gibraltar ENG"]
[Date "2022.01.30"]
[Round "6.6"]
[White "Haria, Ravi"]
[Black "Sukandar, Irine Kharisma"]
[Result "1-0"]
[WhiteTitle "IM"]
[BlackTitle "IM"]
[WhiteElo "2490"]
[BlackElo "2407"]
[WhiteTeam "SABINO"]
[BlackTeam "PIA"]
[WhiteFideId "415820"]
[BlackFideId "7101937"]
[EventDate "2022.01.24"]

1. e4 e5 2. Nf3 Nc6 3. Bc4 Bc5 4. c3 Nf6 5. d3 O-O 6. O-O d6 7. Re1 a5 8. h3 h6
9. d4 Bb6 10. Bb3 Re8 11. Bc2 Bd7 12. Be3 exd4 13. Bxd4 Nxd4 14. cxd4 Nh5 15.
Qd2 f5 16. Nc3 fxe4 17. Bxe4 Rf8 18. Nd5 Kh8 19. Bc2 Bxh3 20. Ne7 Nf4 21. Nh4
Bd7 22. Nhg6+ Nxg6 23. Nxg6+ Kg8 24. Ne7+ Kh8 25. Qd3 1-0

[Event "Battle of the Sexes 2022"]
[Site "Gibraltar ENG"]
[Date "2022.01.30"]
[Round "6.7"]
[White "Cheng, Bobby"]
[Black "Mammadzada, Gunay"]
[Result "1-0"]
[WhiteTitle "GM"]
[BlackTitle "IM"]
[WhiteElo "2550"]
[BlackElo "2470"]
[WhiteTeam "SABINO"]
[BlackTeam "PIA"]
[WhiteFideId "4300033"]
[BlackFideId "13403729"]
[EventDate "2022.01.24"]

1. d4 Nf6 2. c4 e6 3. Nf3 Bb4+ 4. Nbd2 O-O 5. a3 Be7 6. e4 d6 7. Be2 Nfd7 8. b4
e5 9. d5 a5 10. Bb2 Qe8 11. O-O f5 12. c5 Nf6 13. exf5 Bxf5 14. Nc4 axb4 15.
axb4 Rxa1 16. Bxa1 Be4 17. Ne3 Qg6 18. Qb3 Kh8 19. Nd2 dxc5 20. Bxe5 Nbd7 21.
Bxc7 Nxd5 22. Nxe4 Nxc7 23. Nxc5 Nxc5 24. bxc5 Bxc5 25. Qxb7 Ne6 26. Qc6 Qh6 27.
Ng4 Nd4 28. Nxh6 Nxc6 29. Ng4 Nd4 30. Bd3 Rd8 31. Ne5 Kg8 32. Rd1 g6 33. Rb1 Re8
34. Nd7 Be7 35. Re1 Kg7 36. h4 Nf5 37. Bxf5 gxf5 38. Re5 Kf7 39. g3 f4 40. Kg2
fxg3 41. fxg3 Rg8 42. Kh3 Bd6 43. Re3 Ra8 44. Rd3 Ra6 45. Rf3+ Ke6 46. Nf6 Ra7
47. Ne4 Be7 48. Kg4 Ra5 49. Rf1 h5+ 50. Kh3 Re5 51. Nd2 Bf6 52. Rf3 Re2 53. Rd3
Kf5 54. Rf3+ Kg6 55. Rd3 Kf5 56. Nb3 Be5 57. Nc5 Kg6 58. Nd7 Kf5 59. Nc5 Rc2 60.
Rf3+ Kg6 61. Nd3 Bd6 62. Re3 Kf5 63. Ne1 Rc5 64. Nf3 Be5 65. Re2 Bf6 66. Ra2 Rc3
67. Ra5+ Kg6 68. Ne1 Bd8 69. Rd5 Bc7 70. Nd3 Kf6 71. Kg2 Ke6 72. Rd4 Be5 73. Rd8
Bc7 74. Rd4 Be5 75. Rd8 Bc7 76. Re8+ Kf5 77. Re3 Bd6 78. Rf3+ Ke4 79. Nf2+ 1-0

[Event "Battle of the Sexes 2022"]
[Site "Gibraltar ENG"]
[Date "2022.01.30"]
[Round "6.8"]
[White "Bellahcene, Bilel"]
[Black "Houska, Jovanka"]
[Result "1-0"]
[WhiteTitle "GM"]
[BlackTitle "IM"]
[WhiteElo "2508"]
[BlackElo "2365"]
[WhiteTeam "SABINO"]
[BlackTeam "PIA"]
[WhiteFideId "696358"]
[BlackFideId "405094"]
[EventDate "2022.01.24"]

1. d4 d5 2. c4 c6 3. Nc3 Nf6 4. e3 e6 5. Nf3 Nbd7 6. Qc2 b6 7. cxd5 exd5 8. Bd3
Bb7 9. O-O Be7 10. a4 O-O 11. b3 Rc8 12. Bb2 g6 13. Rfd1 a5 14. Rac1 Bd6 15. Ne2
Re8 16. Ng3 Qe7 17. Qe2 Rc7 18. Rc2 h5 19. Rdc1 Ne4 20. Nf1 Kh7 21. g3 Ndf6 22.
N1d2 Nxd2 23. Nxd2 c5 24. Nf3 Ne4 25. dxc5 bxc5 26. Bxe4 dxe4 27. Nd2 Be5 28.
Ba3 Qf6 29. Nc4 Bc8 30. Nxe5 Qxe5 31. Bb2 Qd5 32. Qb5 Rd8 33. Bd4 Bh3 34. Rxc5
Rxc5 35. Rxc5 Qe6 36. Rxh5+ gxh5 37. Qxh5+ Qh6 38. Qxf7+ 1-0

[Event "Battle of the Sexes 2022"]
[Site "Gibraltar ENG"]
[Date "2022.01.30"]
[Round "6.9"]
[White "Krysa, Leandro"]
[Black "Efroimski, Marsel"]
[Result "1/2-1/2"]
[WhiteTitle "GM"]
[BlackTitle "IM"]
[WhiteElo "2531"]
[BlackElo "2437"]
[WhiteTeam "SABINO"]
[BlackTeam "PIA"]
[WhiteFideId "116807"]
[BlackFideId "2810964"]
[EventDate "2022.01.24"]

1. c4 e6 2. Nc3 d5 3. e3 Nf6 4. Nf3 c5 5. cxd5 exd5 6. d4 Nc6 7. Bb5 cxd4 8.
Nxd4 Bd7 9. O-O Bd6 10. b3 O-O 11. Bb2 Re8 12. Nf3 Ne5 13. Be2 Nxf3+ 14. Bxf3
Be5 15. Rc1 Bc6 16. Rc2 Ne4 17. Ne2 Bxb2 18. Rxb2 Bb5 19. Qd4 Rc8 20. Ra1 Bxe2
21. Rxe2 Qa5 22. g3 b5 23. a3 Qc3 24. Qxc3 Rxc3 25. Rb2 d4 26. Rd1 d3 27. Bxe4 1/2-1/2

[Event "Battle of the Sexes 2022"]
[Site "Gibraltar ENG"]
[Date "2022.01.30"]
[Round "6.10"]
[White "Gallagher, Joseph G."]
[Black "Abdumalik, Zhansaya"]
[Result "1/2-1/2"]
[WhiteTitle "GM"]
[BlackTitle "GM"]
[WhiteElo "2447"]
[BlackElo "2491"]
[WhiteTeam "SABINO"]
[BlackTeam "PIA"]
[WhiteFideId "1303422"]
[BlackFideId "13703544"]
[EventDate "2022.01.24"]

1. e4 e5 2. Nf3 Nc6 3. Bb5 a6 4. Ba4 Nf6 5. d3 d6 6. c3 g6 7. O-O Bg7 8. d4 b5
9. Bb3 O-O 10. Bg5 Rb8 11. Re1 h6 12. Be3 Re8 13. dxe5 Nxe5 14. Nxe5 Rxe5 15. f3
Bb7 16. Nd2 c5 17. Nf1 Qb6 18. Bf2 Rd8 19. Ne3 Qc6 20. c4 Ree8 21. Qc2 Nd7 22.
a4 b4 23. a5 Re6 24. Ba4 Qc8 25. Nd5 Ne5 26. Nf4 Re7 27. Nd5 Re6 28. Nf4 Re7 29.
Nd5 Re6 30. Nf4 1/2-1/2

[Event "Battle of the Sexes 2022"]
[Site "Gibraltar ENG"]
[Date "2022.01.31"]
[Round "7.1"]
[White "Houska, Jovanka"]
[Black "Krysa, Leandro"]
[Result "1/2-1/2"]
[WhiteTitle "IM"]
[BlackTitle "GM"]
[WhiteElo "2365"]
[BlackElo "2531"]
[WhiteTeam "PIA"]
[BlackTeam "SABINO"]
[WhiteFideId "405094"]
[BlackFideId "116807"]
[EventDate "2022.01.24"]

1. d4 Nf6 2. Nf3 e6 3. c4 b6 4. g3 Bb7 5. Bg2 Bb4+ 6. Bd2 c5 7. Bxb4 cxb4 8. O-O
O-O 9. Qd3 d6 10. Rd1 Qc7 11. a3 bxa3 12. Rxa3 Rc8 13. Nfd2 Nc6 14. Nc3 Nb4 15.
Nb5 Qd7 16. Qb3 Bxg2 17. Kxg2 a5 18. Qa4 d5 19. Rc3 dxc4 20. Rdc1 h5 21. Rxc4
Rxc4 22. Rxc4 Rd8 23. Rc7 Qd5+ 24. Nf3 Ne8 25. Rc1 h4 26. Nc3 Qb7 27. Qb5 Nf6
28. Na4 Nbd5 29. Nc5 Qa8 30. Nd3 Ne4 31. gxh4 Nd2 32. Qc6 Nxf3 33. Kxf3 Qb8 34.
Ne5 Ne7 35. Qe4 Qd6 36. e3 Qb4 37. Qb7 f6 38. Rc7 Nf5 39. Rd7 Rf8 40. Nc6 Qe1
41. Ne7+ Nxe7 42. Rxe7 Qd1+ 43. Kg3 Qg1+ 44. Qg2 Qb1 45. Kh3 Rf7 46. Re8+ Rf8
47. Rxf8+ Kxf8 48. Qa8+ Kf7 49. Qb7+ Kg8 50. Qc8+ Kh7 51. Qxe6 Qxb2 52. Qe4+ Kg8
53. Qe8+ Kh7 54. Qe4+ Kg8 55. Qe8+ Kh7 56. Qe4+ Kg8 1/2-1/2

[Event "Battle of the Sexes 2022"]
[Site "Gibraltar ENG"]
[Date "2022.01.31"]
[Round "7.2"]
[White "Girya, Olga"]
[Black "Aziz, Husain"]
[Result "1-0"]
[WhiteTitle "GM"]
[BlackTitle "IM"]
[WhiteElo "2405"]
[BlackElo "2379"]
[WhiteTeam "PIA"]
[BlackTeam "SABINO"]
[WhiteFideId "4195752"]
[BlackFideId "12100293"]
[EventDate "2022.01.24"]

1. d4 d5 2. c4 e6 3. Nf3 Nf6 4. Nc3 Be7 5. Bf4 O-O 6. e3 Nbd7 7. a3 dxc4 8. Bxc4
Nb6 9. Bd3 Nbd5 10. Be5 Nxc3 11. bxc3 c5 12. O-O b6 13. Ng5 h6 14. Qf3 Bb7 15.
Qxb7 hxg5 16. f4 g6 17. fxg5 Ng4 18. Bc7 Qd7 19. Qe4 Bxg5 20. Qxg4 Bxe3+ 21. Kh1
Qxc7 22. Bxg6 fxg6 23. Qxg6+ Kh8 24. Qh5+ Qh7 25. Qe5+ Qg7 26. Qxe3 cxd4 27.
cxd4 Rf6 28. Rxf6 Qxf6 29. Rc1 Rf8 30. h3 Qf4 31. Qc3 Kg8 32. Re1 Rd8 33. Qd3
Qxd4 34. Qg6+ Qg7 35. Qxe6+ Qf7 36. Qg4+ Qg7 37. Qxg7+ Kxg7 38. Re7+ 1-0

[Event "Battle of the Sexes 2022"]
[Site "Gibraltar ENG"]
[Date "2022.01.31"]
[Round "7.3"]
[White "Cramling, Pia"]
[Black "Rosen, Eric"]
[Result "0-1"]
[WhiteTitle "GM"]
[BlackTitle "IM"]
[WhiteElo "2452"]
[BlackElo "2356"]
[WhiteTeam "PIA"]
[BlackTeam "SABINO"]
[WhiteFideId "1700030"]
[BlackFideId "2032562"]
[EventDate "2022.01.24"]

1. Nf3 d5 2. d4 Nf6 3. c4 e6 4. Bg5 dxc4 5. Qa4+ Nbd7 6. e3 Be7 7. Bxc4 O-O 8.
Qc2 c5 9. dxc5 Qa5+ 10. Nc3 Qxc5 11. Bd3 b6 12. a3 Bb7 13. b4 Qc7 14. Rc1 Bxf3
15. gxf3 Ne5 16. Bxf6 Nxd3+ 17. Qxd3 Bxf6 18. Ke2 Rac8 19. Na2 Qe5 20. a4 Qb2+
21. Qd2 Qb3 22. Rxc8 Rxc8 23. Rc1 Rxc1 24. Nxc1 Qxa4 25. Nd3 Qc6 26. Qa2 g6 27.
f4 h5 28. h3 Kg7 29. Kd2 a5 30. bxa5 Qc3+ 31. Ke2 bxa5 32. Qa4 Qc7 33. e4 Qc3
34. Ke3 Be7 35. Ke2 Bb4 36. Qb5 Qd4 37. Kf3 Bc3 38. Nc5 Be1 39. Nd3 Bc3 40. Nc5
Bb4 41. Nd3 Bd6 42. Qb2 Qxb2 43. Nxb2 Bc5 44. Ke2 Bd4 45. Na4 Kf6 46. f3 g5 47.
Kd3 Bg1 48. e5+ Kf5 49. fxg5 Kxg5 50. Nc3 Kh4 0-1

[Event "Battle of the Sexes 2022"]
[Site "Gibraltar ENG"]
[Date "2022.01.31"]
[Round "7.4"]
[White "Sebag, Marie"]
[Black "Brunello, Sabino"]
[Result "1/2-1/2"]
[WhiteTitle "GM"]
[BlackTitle "GM"]
[WhiteElo "2460"]
[BlackElo "2503"]
[WhiteTeam "PIA"]
[BlackTeam "SABINO"]
[WhiteFideId "617822"]
[BlackFideId "813613"]
[EventDate "2022.01.24"]

1. e4 c6 2. d4 d5 3. e5 Bf5 4. Nf3 e6 5. Be2 Ne7 6. O-O c5 7. c4 Nbc6 8. dxc5 d4
9. Qb3 Qc7 10. Na3 a6 11. Qa4 Rd8 12. b4 Ng6 13. Bd1 Rd7 14. Bb2 Be7 15. Nc2
Bxc2 16. Qxc2 Nxb4 17. Qe4 Qc6 18. Qg4 Bxc5 19. Ne1 h5 20. Qg3 Qe4 21. Ba4 Nc6
22. Nd3 Be7 23. f4 Qe3+ 24. Kh1 h4 25. Qf3 Qxf3 26. Rxf3 O-O 27. g4 hxg3 28.
hxg3 Rc7 29. Rc1 Rd8 30. c5 Na7 31. Kg2 Nb5 32. Rc4 b6 33. c6 Rdc8 34. Nb4 Bxb4
35. Rxb4 Rxc6 36. Bxb5 axb5 37. Bxd4 Rc2+ 38. Rf2 Rxf2+ 39. Bxf2 Rc2 40. Rxb5
Rxa2 1/2-1/2

[Event "Battle of the Sexes 2022"]
[Site "Gibraltar ENG"]
[Date "2022.01.31"]
[Round "7.5"]
[White "Abdumalik, Zhansaya"]
[Black "Cheng, Bobby"]
[Result "1/2-1/2"]
[WhiteTitle "GM"]
[BlackTitle "GM"]
[WhiteElo "2491"]
[BlackElo "2550"]
[WhiteTeam "PIA"]
[BlackTeam "SABINO"]
[WhiteFideId "13703544"]
[BlackFideId "4300033"]
[EventDate "2022.01.24"]

1. e4 c5 2. Nf3 d6 3. d4 cxd4 4. Nxd4 Nf6 5. Nc3 Nc6 6. Bg5 e6 7. Qd2 a6 8.
O-O-O Bd7 9. f4 Be7 10. Nf3 b5 11. Bxf6 gxf6 12. f5 Qb6 13. Ne2 Qa5 14. Qxa5
Nxa5 15. Nf4 Bf8 16. Kb1 Bh6 17. Nh5 Ke7 18. g4 Rhg8 19. e5 fxe5 20. f6+ Ke8 21.
Rxd6 Bc6 22. Be2 Bf8 23. Rdd1 Nc4 24. h3 Rc8 25. Rhe1 Bh6 26. Bxc4 Bxf3 27. Be2
Bd5 28. Bd3 Bf3 29. Be2 Bd5 30. Bf1 Rg5 31. Ng3 Bf8 32. a4 bxa4 33. Bxa6 Rb8 34.
c4 Bc6 35. Ne4 Rg6 36. Nd6+ Bxd6 37. Rxd6 Bg2 38. Bb5+ Kf8 39. g5 h6 40. Red1
Kg8 41. Rd8+ Rxd8 42. Rxd8+ Kh7 43. c5 hxg5 44. c6 Bxc6 45. Bxc6 Rxf6 46. Bxa4
Rf4 47. Bc2+ Kg7 48. Kc1 Rb4 49. Rd3 f5 50. Rb3 Rh4 51. Rg3 Kf6 52. Kd2 e4 53.
b4 1/2-1/2

[Event "Battle of the Sexes 2022"]
[Site "Gibraltar ENG"]
[Date "2022.01.31"]
[Round "7.6"]
[White "Batsiashvili, Nino"]
[Black "Bellahcene, Bilel"]
[Result "0-1"]
[WhiteTitle "GM"]
[BlackTitle "GM"]
[WhiteElo "2491"]
[BlackElo "2508"]
[WhiteTeam "PIA"]
[BlackTeam "SABINO"]
[WhiteFideId "13602993"]
[BlackFideId "696358"]
[EventDate "2022.01.24"]

1. d4 Nf6 2. c4 e6 3. Nc3 Bb4 4. Nf3 Bxc3+ 5. bxc3 d6 6. Nd2 O-O 7. e4 e5 8. Bd3
Re8 9. O-O Nbd7 10. Re1 Nf8 11. Nf1 b6 12. Ng3 Ng6 13. Nf5 h6 14. g3 Ne7 15. Ne3
Nc6 16. Bb2 Na5 17. f3 Ba6 18. Qe2 c6 19. Rad1 Qd7 20. c5 Bxd3 21. Rxd3 exd4 22.
cxd4 d5 23. e5 Nh7 24. f4 Nc4 25. Bc3 f5 26. Ng2 Nf6 27. Nh4 Ne4 28. Qh5 Rf8 29.
Qg6 Qe8 30. g4 Qxg6 31. Nxg6 fxg4 32. Nxf8 Rxf8 33. cxb6 axb6 34. Bb4 Rxf4 35.
e6 Rf6 36. e7 Kf7 37. Rf1 h5 38. a4 h4 39. Rxf6+ gxf6 40. Rd1 f5 41. Rf1 Ne3 42.
Rf4 h3 43. Ba3 Ke8 44. Bc1 Nc2 45. Bb2 Ne1 46. Rxf5 Kxe7 47. Kf1 Nf3 48. Rh5
Nxh2+ 49. Ke2 Ng3+ 0-1